[Event "IV Memorial Aldo Perini A"]
[Site "Senigallia ITA"]
[Date "2010.08.04"]
[Round "3"]
[White "Mandolini, Riccardo"]
[Black "Aleksic, Nenad"]
[Result "1/2-1/2"]
[WhiteElo "2101"]
[BlackElo "2378"]
[PlyCount "132"]
[EventDate "2010.08.02"]

1. Nc3 c5 2. e4 a6 3. f4 e6 4. Nf3 d6 5. g3 b5 6. Bg2 Bb7 7. d3 Nf6 8. O-O Be7
9. e5 Nfd7 10. f5 exf5 11. exd6 Bxd6 12. Re1+ Kf8 13. Nh4 Bxg2 14. Nxf5 Ne5 15.
Kxg2 Nbc6 16. Ne4 Be7 17. Be3 Kg8 18. Nxe7+ Qxe7 19. Bxc5 Qe6 20. d4 Rd8 21. c3
h5 22. Qe2 h4 23. dxe5 hxg3 24. Nxg3 Qd5+ 25. Ne4 Nxe5 26. Bd4 Ng6 27. Kg1 Rh4
28. Rad1 Nf4 29. Qf3 Qf5 30. Nf2 Rd6 31. Re8+ Kh7 32. Kf1 Rxh2 33. Qe4 Qxe4 34.
Rxe4 Ne6 35. Rde1 Rd5 36. Rg4 Rf5 37. Rg2 Rh1+ 38. Rg1 Rh2 39. Rg2 Rh1+ 40. Rg1
Rh2 41. Re2 Nxd4 42. cxd4 Rf4 43. Rd2 Rhh4 44. d5 Rd4 45. Rd3 Rxd3 46. Nxd3 Rd4
47. Ke2 Rxd5 48. b4 Rh5 49. Rg2 Rh4 50. Ke3 Rc4 51. Rb2 f5 52. Kd2 Rh4 53. Rc2
Rh2+ 54. Kc3 Rh4 55. Nc5 g5 56. Nxa6 g4 57. Nc5 Kg6 58. Nd3 Kg5 59. Ne1 f4 60.
Kd4 Rh1 61. Rc5+ Kh4 62. Ng2+ Kg3 63. Nxf4 Kxf4 64. Rxb5 g3 65. Rb8 Rd1+ 66.
Kc5 Ra1 1/2-1/2

[Event "IV Memorial Aldo Perini A"]
[Site "Senigallia ITA"]
[Date "2010.08.04"]
[Round "3"]
[White "Mrdja, Milan"]
[Black "Giretti Kanev, Jasen"]
[Result "1-0"]
[WhiteElo "2372"]
[BlackElo "2208"]
[PlyCount "77"]
[EventDate "2010.08.02"]

1. e4 c6 2. d4 d5 3. e5 Bf5 4. Nc3 e6 5. Be3 Ne7 6. f4 h5 7. Qd2 Nd7 8. Nf3 Ng6
9. Nd1 Be7 10. Nf2 Nb6 11. b3 a5 12. a4 Nh4 13. Nxh4 Bxh4 14. g3 Be7 15. Be2 h4
16. g4 Be4 17. O-O Bh7 18. h3 O-O 19. Nd3 Bxd3 20. Bxd3 c5 21. c3 c4 22. bxc4
Nxc4 23. Bxc4 dxc4 24. Rab1 Qd7 25. Rb5 Qc6 26. Qg2 Rfc8 27. Rxb7 Bd8 28. Qxc6
Rxc6 29. Rfb1 Rac8 30. Kf2 f5 31. gxf5 exf5 32. Kf3 R8c7 33. Rb8 Rd7 34. R1b5
Kh7 35. d5 Rg6 36. Bf2 Ra6 37. d6 Kg6 38. Rc8 Kf7 39. Rbb8 1-0

[Event "IV Memorial Aldo Perini A"]
[Site "Senigallia ITA"]
[Date "2010.08.04"]
[Round "3"]
[White "Navarro, Emanuele"]
[Black "Padovani, Alessio"]
[Result "1-0"]
[WhiteElo "2172"]
[BlackElo "1976"]
[PlyCount "77"]
[EventDate "2010.08.02"]

1. e4 d5 2. e5 c5 3. c3 Nc6 4. d4 cxd4 5. cxd4 a6 6. Na3 Qb6 7. Nc2 e6 8. Nf3
Bd7 9. Bd3 Nb4 10. Nxb4 Bxb4+ 11. Bd2 Bxd2+ 12. Qxd2 h6 13. a4 a5 14. O-O Ne7
15. Rfc1 Rc8 16. Rxc8+ Bxc8 17. Qc3 Bd7 18. Bb5 Nc6 19. Bxc6 Bxc6 20. Qa3 f6
21. Re1 f5 22. h4 Qb4 23. Qxb4 axb4 24. b3 b5 25. a5 Kd7 26. Ra1 Rc8 27. Ne1
Ba8 28. Nd3 Rc3 29. Nc5+ Ke7 30. a6 g5 31. a7 g4 32. Ra6 f4 33. Rxe6+ Kd8 34.
Rg6 h5 35. Rg8+ Kc7 36. Rxa8 g3 37. fxg3 fxg3 38. Rf8 Kb6 39. a8=Q 1-0

[Event "IV Memorial Aldo Perini A"]
[Site "Senigallia ITA"]
[Date "2010.08.04"]
[Round "3"]
[White "Occari, Maurizio"]
[Black "Stromboli, Ettore"]
[Result "0-1"]
[WhiteElo "2065"]
[BlackElo "2259"]
[PlyCount "34"]
[EventDate "2010.08.02"]

1. e4 e6 2. d4 d5 3. e5 c5 4. c3 Nc6 5. Nf3 Qb6 6. a3 c4 7. Nbd2 Na5 8. Be2 Bd7
9. a4 Be7 10. Qc2 Nh6 11. O-O Nf5 12. Bd1 Rc8 13. Ne1 h5 14. g3 g5 15. Ng2 h4
16. Bg4 hxg3 17. fxg3 Nxd4 0-1

[Event "IV Memorial Aldo Perini A"]
[Site "Senigallia ITA"]
[Date "2010.08.04"]
[Round "3"]
[White "Rago, Riccardo"]
[Black "Stromboli, Carlo"]
[Result "1/2-1/2"]
[WhiteElo "2103"]
[BlackElo "2285"]
[PlyCount "58"]
[EventDate "2010.08.02"]

1. e4 e5 2. Nf3 Nc6 3. Bb5 a6 4. Ba4 Nf6 5. d3 b5 6. Bb3 Bc5 7. O-O h6 8. c3 d6
9. h3 O-O 10. Re1 Bb7 11. Nbd2 Re8 12. Nf1 d5 13. exd5 Na5 14. Bc2 b4 15. cxb4
Bxb4 16. Rxe5 Rxe5 17. Nxe5 Qxd5 18. Nf3 Rd8 19. a3 Bf8 20. b4 Nc6 21. Bb2 Qd6
22. N1h2 Ne7 23. Be5 Qb6 24. Qe1 Ned5 25. Qd2 Re8 26. Bd4 c5 27. bxc5 Bxc5 28.
Bxc5 Qxc5 29. d4 Qc3 1/2-1/2

[Event "IV Memorial Aldo Perini A"]
[Site "Senigallia ITA"]
[Date "2010.08.04"]
[Round "3"]
[White "Sabia, Corrado"]
[Black "Pegoraro, Nicola"]
[Result "1-0"]
[WhiteElo "2212"]
[BlackElo "2036"]
[PlyCount "79"]
[EventDate "2010.08.02"]

1. c4 f5 2. g3 Nf6 3. Bg2 g6 4. Nc3 Bg7 5. d3 O-O 6. e4 d6 7. Nge2 Nc6 8. O-O
e5 9. Nd5 fxe4 10. dxe4 Be6 11. h3 Qd7 12. Kh2 Ne7 13. Be3 c6 14. Nxe7+ Qxe7
15. Rc1 Rfd8 16. Qc2 Bf7 17. b3 Nd7 18. Rcd1 c5 19. Nc3 Nf8 20. Nd5 Bxd5 21.
exd5 Nd7 22. Rde1 Bf6 23. h4 Qg7 24. Bh3 Re8 25. Qc1 Nf8 26. Bh6 Qh8 27. Re4
Re7 28. Qd1 Rae8 29. Kg2 Bg7 30. Bg5 Bf6 31. Bh6 Bg7 32. Bg5 Bf6 33. Bd2 Qg7
34. Qc1 Kh8 35. Bh6 Qf7 36. Rh1 Bg7 37. Bg5 Bf6 38. Bh6 Bg7 39. Bg5 Bf6 40.
Bxf6+ 1-0

[Event "IV Memorial Aldo Perini A"]
[Site "Senigallia ITA"]
[Date "2010.08.05"]
[Round "4"]
[White "Altini, Nicola"]
[Black "De Santis, Alessio"]
[Result "1/2-1/2"]
[WhiteElo "2120"]
[BlackElo "2348"]
[PlyCount "24"]
[EventDate "2010.08.02"]

1. c4 g6 2. e4 c5 3. Nf3 Bg7 4. d4 b6 5. Nc3 Bb7 6. d5 d6 7. Be2 Nd7 8. a4 Ngf6
9. O-O O-O 10. Qc2 Nb8 11. Ne1 Na6 12. Be3 Nb4 1/2-1/2

[Event "IV Memorial Aldo Perini A"]
[Site "Senigallia ITA"]
[Date "2010.08.05"]
[Round "4"]
[White "Barlocco, Carlo"]
[Black "Danese, Aldo"]
[Result "1/2-1/2"]
[WhiteElo "2183"]
[BlackElo "1973"]
[PlyCount "91"]
[EventDate "2010.08.02"]

1. c4 g6 2. g3 Bg7 3. Bg2 c6 4. Nc3 Nf6 5. Nf3 d6 6. d4 Nbd7 7. O-O O-O 8. e4
Qc7 9. h3 e5 10. Be3 Nb6 11. b3 Re8 12. Qd2 Nbd7 13. Rfd1 exd4 14. Nxd4 Nc5 15.
Qc2 Ne6 16. Rac1 Bd7 17. f4 Rad8 18. Qf2 Nc5 19. Qc2 Bc8 20. Re1 Re7 21. Rcd1
Rde8 22. e5 dxe5 23. Nxc6 bxc6 24. Bxc5 Re6 25. fxe5 Rxe5 26. Rxe5 Qxe5 27. Bf2
Qh5 28. Bxc6 Rf8 29. Qe2 Qxh3 30. Bg2 Qf5 31. Nd5 Nxd5 32. cxd5 Qd7 33. Qe3 a6
34. Qb6 Qg4 35. Re1 h5 36. Qc7 g5 37. Qe7 Qf5 38. Qe4 Qf6 39. Bc5 Bf5 40. Qe3
Rc8 41. Be7 Qb2 42. Qxg5 Rc2 43. Bf3 Bh3 44. Bc5 Rg2+ 45. Kh1 Rh2+ 46. Kg1
1/2-1/2

[Event "IV Memorial Aldo Perini A"]
[Site "Senigallia ITA"]
[Date "2010.08.05"]
[Round "4"]
[White "Belezky, Alexander"]
[Black "Mrdja, Milan"]
[Result "1/2-1/2"]
[WhiteElo "2440"]
[BlackElo "2372"]
[PlyCount "22"]
[EventDate "2010.08.02"]

1. Nf3 d5 2. d4 c6 3. g3 Bg4 4. Bg2 Nd7 5. O-O e6 6. b3 Ngf6 7. c4 Bd6 8. Ba3
Bxa3 9. Nxa3 Bxf3 10. Bxf3 O-O 11. Nc2 Qe7 1/2-1/2

[Event "IV Memorial Aldo Perini A"]
[Site "Senigallia ITA"]
[Date "2010.08.05"]
[Round "4"]
[White "Bonino, Matteo"]
[Black "Leveque, Sergio"]
[Result "1/2-1/2"]
[WhiteElo "1742"]
[BlackElo "2035"]
[PlyCount "76"]
[EventDate "2010.08.02"]

1. d4 Nf6 2. Nf3 d6 3. Nc3 g6 4. e4 Bg7 5. Be3 O-O 6. Qd2 Ng4 7. Bg5 h6 8. Bh4
c6 9. Bd3 Re8 10. a4 Qa5 11. h3 Nf6 12. Ne2 Qxd2+ 13. Kxd2 g5 14. Bg3 Nh5 15.
Bh2 e5 16. c3 Nd7 17. a5 Nf8 18. g4 Nf4 19. Nxf4 exf4 20. Ne1 Bd7 21. f3 Ng6
22. Ng2 Bf6 23. Bg1 Kg7 24. Bf2 Bd8 25. h4 f6 26. Bc4 Bc7 27. d5 Ne5 28. Be2 c5
29. Ne1 b6 30. axb6 axb6 31. Nd3 Nc4+ 32. Kc2 Ne5 33. Nxe5 fxe5 34. c4 Kg6 35.
h5+ Kf7 36. Rhb1 Ke7 37. Be1 Reb8 38. b4 Bc8 1/2-1/2

[Event "IV Memorial Aldo Perini A"]
[Site "Senigallia ITA"]
[Date "2010.08.05"]
[Round "4"]
[White "Borgiani, Flavio"]
[Black "Damia, Angelo"]
[Result "1/2-1/2"]
[WhiteElo "2194"]
[BlackElo "2281"]
[PlyCount "22"]
[EventDate "2010.08.02"]

1. c4 e5 2. Nc3 Bb4 3. Qc2 Nf6 4. Nf3 Nc6 5. e3 O-O 6. Nd5 Be7 7. a3 d6 8. Bd3
g6 9. h4 Nh5 10. Nxe7+ Qxe7 11. b3 f5 1/2-1/2

[Event "IV Memorial Aldo Perini A"]
[Site "Senigallia ITA"]
[Date "2010.08.05"]
[Round "4"]
[White "Calza, Gabriele"]
[Black "Miandro, Steven"]
[Result "1-0"]
[WhiteElo "1992"]
[BlackElo "1841"]
[PlyCount "85"]
[EventDate "2010.08.02"]

1. Nf3 Nf6 2. c4 g6 3. g3 Bg7 4. Bg2 O-O 5. Nc3 d6 6. d3 e5 7. Bg5 h6 8. Bxf6
Bxf6 9. O-O Nc6 10. Rb1 a5 11. a3 Bg7 12. b4 axb4 13. axb4 f5 14. Nd2 g5 15. b5
Ne7 16. Qb3 Kh8 17. Ra1 Rxa1 18. Rxa1 Ng6 19. Ra7 b6 20. Nd5 g4 21. Rxc7 Be6
22. Ra7 Qg5 23. Qb4 Bxd5 24. Bxd5 Ne7 25. Bg2 Nc8 26. Rc7 e4 27. dxe4 fxe4 28.
e3 Qf6 29. Nxe4 Qa1+ 30. Bf1 Qd1 31. Qd2 Qf3 32. Bg2 Qf5 33. Qd5 Be5 34. Qb7 d5
35. Rxc8 Rxc8 36. Qxd5 Rf8 37. Qc6 Rd8 38. Qxh6+ Kg8 39. Qg5+ Qxg5 40. Nxg5
Rd1+ 41. Bf1 Kg7 42. h4 Kf6 43. Kg2 1-0

[Event "IV Memorial Aldo Perini A"]
[Site "Senigallia ITA"]
[Date "2010.08.05"]
[Round "4"]
[White "Filippini, Emanuele"]
[Black "Sernagiotto, Mirko Virgilio"]
[Result "0-1"]
[WhiteElo "1896"]
[BlackElo "1977"]
[PlyCount "48"]
[EventDate "2010.08.02"]

1. e4 e5 2. Nf3 Nc6 3. Bc4 Nf6 4. d3 Bc5 5. Nc3 d6 6. h3 a6 7. Bg5 h6 8. Bh4
Be6 9. Nd5 g5 10. Nxf6+ Qxf6 11. Bxe6 Qxe6 12. Bg3 O-O-O 13. c4 Rdf8 14. Qe2
Bb4+ 15. Kd1 Bc5 16. Nd2 Kb8 17. a3 h5 18. b4 Nd4 19. Qe1 Qd7 20. Ra2 Qa4+ 21.
Kc1 Bxb4 22. Qd1 Bxa3+ 23. Kb1 Qb4+ 24. Ka1 Qc3+ 0-1

[Event "IV Memorial Aldo Perini A"]
[Site "Senigallia ITA"]
[Date "2010.08.05"]
[Round "4"]
[White "Giretti Kanev, Jasen"]
[Black "Palmitessa, Chiara"]
[Result "1-0"]
[WhiteElo "2208"]
[BlackElo "1876"]
[PlyCount "69"]
[EventDate "2010.08.02"]

1. e4 e5 2. Nf3 Nc6 3. d4 exd4 4. Nxd4 Nf6 5. Nxc6 bxc6 6. e5 Qe7 7. Qe2 Nd5 8.
c4 Ba6 9. b3 g5 10. Bb2 Bg7 11. g3 O-O-O 12. Bg2 Rde8 13. O-O Bxe5 14. Bxe5
Qxe5 15. Qxe5 Rxe5 16. Nd2 Nf6 17. f4 gxf4 18. Rxf4 Re2 19. Rd1 Ne8 20. Rxf7
Nd6 21. Rf4 Rhe8 22. Bh3 c5 23. Bg4 R2e3 24. Bh5 R8e7 25. Rf8+ Ne8 26. Nf3 Bb7
27. Nh4 R7e5 28. Nf5 Bf3 29. Nxe3 Bxh5 30. Rd5 Rxd5 31. Nxd5 Kd8 32. Rh8 Bg6
33. h4 c6 34. Nf6 Ke7 35. Nxe8 1-0

[Event "IV Memorial Aldo Perini A"]
[Site "Senigallia ITA"]
[Date "2010.08.05"]
[Round "4"]
[White "Guidi, Giacomo G."]
[Black "Occari, Maurizio"]
[Result "0-1"]
[WhiteElo "1936"]
[BlackElo "2065"]
[PlyCount "82"]
[EventDate "2010.08.02"]

1. Nf3 g6 2. g3 Bg7 3. Bg2 c5 4. O-O Nc6 5. d3 b5 6. e4 Bb7 7. c3 d6 8. Be3 Qc7
9. d4 Nf6 10. e5 dxe5 11. dxe5 Nxe5 12. Bf4 Nxf3+ 13. Bxf3 Qb6 14. Nd2 O-O 15.
Bxb7 Qxb7 16. Nb3 c4 17. Nc5 Qc6 18. Be3 Nd5 19. Qf3 Rac8 20. Ne4 Nxe3 21. Qxe3
a5 22. Rfe1 b4 23. a3 e6 24. Qe2 b3 25. Rad1 Rfd8 26. Qe3 h6 27. Rd2 Rxd2 28.
Nxd2 Qd5 29. Qe2 a4 30. Rf1 h5 31. f4 Bf8 32. Qg2 Bc5+ 33. Kh1 Qd3 34. Ne4 Be3
35. Re1 Rd8 36. Nf2 Qd2 37. Rxe3 Qc1+ 38. Qg1 Qxe3 39. Qf1 Rd2 40. Kg2 Rxb2 41.
f5 Qxf2+ 0-1

[Event "IV Memorial Aldo Perini A"]
[Site "Senigallia ITA"]
[Date "2010.08.05"]
[Round "4"]
[White "Lucchi, Lorenzo"]
[Black "Giampaoletti, Andrea"]
[Result "0-1"]
[WhiteElo "2075"]
[BlackElo "1966"]
[PlyCount "68"]
[EventDate "2010.08.02"]

1. e4 Nc6 2. d4 d5 3. exd5 Qxd5 4. Nf3 e5 5. Nc3 Bb4 6. Bd2 Bxc3 7. Bxc3 e4 8.
Ne5 Nxe5 9. dxe5 Ne7 10. b3 Be6 11. Qxd5 Nxd5 12. Bb2 O-O 13. O-O-O Rfd8 14.
Bc4 c6 15. Rd4 b5 16. Be2 e3 17. Rhd1 c5 18. R4d3 c4 19. Rd4 exf2 20. bxc4 bxc4
21. Bxc4 Rac8 22. Ba6 Rc5 23. R4d2 Rb8 24. Bf1 g6 25. Rxf2 Ne3 26. Rd6 Nxf1 27.
Rxf1 Rcb5 28. Rfd1 Rxb2 29. Rd8+ Kg7 30. Rxb8 Rxb8 31. a3 Rb5 32. Re1 h5 33.
Re4 Rc5 34. Ra4 a5 0-1

[Event "IV Memorial Aldo Perini A"]
[Site "Senigallia ITA"]
[Date "2010.08.05"]
[Round "4"]
[White "Padovani, Alessio"]
[Black "Buratti, Ettore"]
[Result "1/2-1/2"]
[WhiteElo "1976"]
[BlackElo "1839"]
[PlyCount "88"]
[EventDate "2010.08.02"]

1. d4 d5 2. Bf4 Nf6 3. Nf3 e6 4. e3 Bd6 5. Bg3 Bxg3 6. hxg3 c5 7. c3 Qb6 8. Qc2
Nc6 9. Bd3 c4 10. Be2 Bd7 11. Nbd2 Qc7 12. e4 h6 13. e5 Ng8 14. Ng5 Kf8 15.
Nxf7 Kxf7 16. Bh5+ Kf8 17. Qg6 Be8 18. Qxe6 Qd7 19. Qxd7 Bxd7 20. Bf3 Nge7 21.
Nf1 g6 22. Ne3 Be6 23. Kd2 Kg7 24. b4 Nd8 25. a4 Nf7 26. Bg4 Bxg4 27. Nxg4 Ng5
28. f3 Rad8 29. Nf6 Ng8 30. Ng4 h5 31. Ne3 Ne7 32. b5 Rhf8 33. g4 hxg4 34. Nxg4
Rh8 35. Nf6 Rxh1 36. Rxh1 Rh8 37. Rxh8 Kxh8 38. Ke3 Ne6 39. g4 g5 40. a5 Nc7
41. b6 axb6 42. axb6 Ne6 43. Ne8 Nc8 44. Nc7 Nf4 1/2-1/2

[Event "IV Memorial Aldo Perini A"]
[Site "Senigallia ITA"]
[Date "2010.08.05"]
[Round "4"]
[White "Pegoraro, Nicola"]
[Black "Pasquotto, Mirko"]
[Result "0-1"]
[WhiteElo "2036"]
[BlackElo "1921"]
[PlyCount "64"]
[EventDate "2010.08.02"]

1. e4 c5 2. Nf3 d6 3. d4 cxd4 4. Nxd4 Nf6 5. Nc3 a6 6. Bg5 e6 7. f4 Nc6 8. Nxc6
bxc6 9. e5 h6 10. Bh4 g5 11. fxg5 Nd5 12. Ne4 Qb6 13. Bd3 hxg5 14. Bxg5 Qxb2
15. Bf6 Nxf6 16. Nxf6+ Kd8 17. O-O Qxe5 18. g3 Qe3+ 19. Kg2 Qh6 20. Ng4 Qh3+
21. Kf3 e5 22. Nf2 Qh5+ 23. g4 Qxh2 24. Rh1 Qf4+ 25. Kg2 Rg8 26. Qf3 Qxf3+ 27.
Kxf3 d5 28. Bh7 e4+ 29. Ke2 Bxg4+ 30. Nxg4 Rxg4 31. Rhf1 Rg2+ 32. Kd1 Rb8 0-1

[Event "IV Memorial Aldo Perini A"]
[Site "Senigallia ITA"]
[Date "2010.08.05"]
[Round "4"]
[White "Polin, Giulia"]
[Black "Scipioni, Gaetano"]
[Result "1/2-1/2"]
[WhiteElo "1865"]
[BlackElo "2024"]
[PlyCount "44"]
[EventDate "2010.08.02"]

1. e4 d6 2. d4 Nf6 3. Nc3 c6 4. a4 Nbd7 5. Nf3 e5 6. Bc4 Be7 7. O-O O-O 8. Re1
h6 9. h3 Nh7 10. Ne2 Ng5 11. Nxg5 Bxg5 12. Bb3 Bxc1 13. Rxc1 Qg5 14. Ng3 Nf6
15. c3 h5 16. Qf3 Be6 17. Bc2 g6 18. Qe3 Qh4 19. Nf1 Nh7 20. Qg3 Qf6 21. dxe5
dxe5 22. h4 Rfd8 1/2-1/2

[Event "IV Memorial Aldo Perini A"]
[Site "Senigallia ITA"]
[Date "2010.08.05"]
[Round "4"]
[White "Raselli, Claudio"]
[Black "Rotoni, Matteo"]
[Result "1/2-1/2"]
[WhiteElo "1953"]
[BlackElo "2148"]
[PlyCount "76"]
[EventDate "2010.08.02"]

1. d4 c5 2. d5 e6 3. c4 exd5 4. cxd5 d6 5. Nc3 Nf6 6. e4 g6 7. h3 Bg7 8. Bd3
O-O 9. Nf3 Re8 10. O-O c4 11. Bxc4 Nxe4 12. Nxe4 Rxe4 13. Bd3 Re8 14. Bg5 Qb6
15. Re1 Bd7 16. Rxe8+ Bxe8 17. Qe2 Nd7 18. Be3 Qa5 19. Bc4 Nb6 20. Bb3 Bb5 21.
Bxb6 Qxb6 22. Qc2 a5 23. a4 Bd7 24. Re1 Bf5 25. Qc4 Rc8 26. Qb5 Qxb5 27. axb5
Rc5 28. Re8+ Bf8 29. Nd4 Bd3 30. Rb8 a4 31. Ba2 Rc1+ 32. Kh2 Ra1 33. Ne6 fxe6
34. dxe6 Kg7 35. Rxb7+ Kh6 36. Bd5 Re1 37. Rf7 Re5 38. Rxf8 Bxb5 1/2-1/2

[Event "IV Memorial Aldo Perini A"]
[Site "Senigallia ITA"]
[Date "2010.08.05"]
[Round "4"]
[White "Rizzardi, Franco"]
[Black "Capito', Mario"]
[Result "1-0"]
[WhiteElo "2002"]
[BlackElo "1823"]
[PlyCount "53"]
[EventDate "2010.08.02"]

1. e4 d5 2. exd5 Nf6 3. d4 Nxd5 4. Bc4 e6 5. Nf3 Be7 6. O-O Nd7 7. Bb3 b5 8.
Qe2 a5 9. Re1 c6 10. c3 N7f6 11. Ne5 Bb7 12. a4 Nc7 13. Bf4 O-O 14. Nd2 Nfd5
15. Bg3 bxa4 16. Bxa4 Ra6 17. Rad1 c5 18. dxc5 Qa8 19. c6 Bc8 20. Ndc4 f6 21.
Nd7 Bxd7 22. cxd7 e5 23. Bb3 a4 24. Ba2 Bd8 25. Ne3 Rd6 26. Nxd5 Nxd5 27. Qc4
1-0

[Event "IV Memorial Aldo Perini A"]
[Site "Senigallia ITA"]
[Date "2010.08.05"]
[Round "4"]
[White "Salvioli, Alessandro"]
[Black "Cavezzana, Davide"]
[Result "1-0"]
[WhiteElo "1969"]
[BlackElo "1746"]
[PlyCount "39"]
[EventDate "2010.08.02"]

1. e4 e5 2. Nf3 Nf6 3. Nxe5 d6 4. Nf3 Nxe4 5. Nc3 Nxc3 6. dxc3 Nc6 7. Be3 g6 8.
Qd2 Bd7 9. O-O-O Bg7 10. h4 Bg4 11. Re1 O-O 12. Ng5 h5 13. f3 Bf5 14. Be2 Qd7
15. g4 hxg4 16. fxg4 Bxg4 17. h5 Ne5 18. Bxg4 Nxg4 19. hxg6 Ne5 20. Qh2 1-0

[Event "IV Memorial Aldo Perini A"]
[Site "Senigallia ITA"]
[Date "2010.08.05"]
[Round "4"]
[White "Stromboli, Carlo"]
[Black "Calavalle, Giulio"]
[Result "1/2-1/2"]
[WhiteElo "2285"]
[BlackElo "2201"]
[PlyCount "25"]
[EventDate "2010.08.02"]

1. e4 c5 2. Nf3 Nc6 3. d4 cxd4 4. Nxd4 a6 5. c4 g6 6. Nc2 Bg7 7. Nc3 d6 8. Be2
Be6 9. Nd5 Nf6 10. Be3 O-O 11. Bb6 Qd7 12. Be3 Qd8 13. Bb6 1/2-1/2

[Event "IV Memorial Aldo Perini A"]
[Site "Senigallia ITA"]
[Date "2010.08.05"]
[Round "4"]
[White "Stromboli, Ettore"]
[Black "Ubezio, Marco"]
[Result "1-0"]
[WhiteElo "2259"]
[BlackElo "2135"]
[PlyCount "67"]
[EventDate "2010.08.02"]

1. e4 Nf6 2. Nc3 d5 3. exd5 Nxd5 4. d4 Nxc3 5. bxc3 g6 6. Nf3 Bg7 7. Bd3 O-O 8.
O-O c5 9. Be3 Qc7 10. Qe2 Nd7 11. Rfe1 Nb6 12. dxc5 Nd5 13. Bd4 Nxc3 14. Qxe7
Qxe7 15. Rxe7 Nd5 16. Ree1 Bxd4 17. Nxd4 Bd7 18. Be4 Bc6 19. Nxc6 bxc6 20. c4
Nc3 21. Bf3 Rfe8 22. a4 Rxe1+ 23. Rxe1 Rc8 24. Ra1 a5 25. Ra3 Nb1 26. Rd3 Rb8
27. Bxc6 Nd2 28. Bb5 Nxc4 29. c6 Re8 30. Kf1 Nb6 31. c7 Re7 32. c8=Q+ Nxc8 33.
Rd8+ Kg7 34. Rxc8 1-0

[Event "IV Memorial Aldo Perini A"]
[Site "Senigallia ITA"]
[Date "2010.08.05"]
[Round "4"]
[White "Turazza, Andrea"]
[Black "Rebeggiani, Luca"]
[Result "0-1"]
[WhiteElo "1857"]
[BlackElo "2036"]
[PlyCount "44"]
[EventDate "2010.08.02"]

1. Nf3 Nf6 2. b3 g6 3. Bb2 Bg7 4. d4 d5 5. Nbd2 Nbd7 6. e3 O-O 7. Bd3 Re8 8. c4
e5 9. dxe5 Ng4 10. Bc2 Ndxe5 11. Nxe5 Nxe5 12. O-O dxc4 13. bxc4 Be6 14. Qe2
Qh4 15. Bb3 a5 16. c5 Bd7 17. Bd5 c6 18. Nf3 Qh5 19. Bb3 Nxf3+ 20. gxf3 Bh3 21.
Kh1 Bxb2 22. Rad1 Bxf1 0-1

[Event "IV Memorial Aldo Perini A"]
[Site "Senigallia ITA"]
[Date "2010.08.05"]
[Round "4"]
[White "Valsecchi, Alessio"]
[Black "Navarro, Emanuele"]
[Result "0-1"]
[WhiteElo "2360"]
[BlackElo "2172"]
[PlyCount "83"]
[EventDate "2010.08.02"]

1. e4 d6 2. d4 Nf6 3. Nc3 g6 4. f4 Bg7 5. Nf3 c5 6. Bb5+ Bd7 7. e5 Ng4 8. e6
Bxb5 9. exf7+ Kd7 10. Nxb5 Qa5+ 11. Nc3 cxd4 12. Nxd4 Bxd4 13. Qxg4+ Qf5 14.
Qxf5+ gxf5 15. Bd2 Nc6 16. O-O-O Raf8 17. Nb5 Bf6 18. c3 Rxf7 19. Rhe1 a6 20.
Na3 b5 21. Nc2 Rc8 22. Kb1 a5 23. Re2 Rb8 24. Be1 b4 25. cxb4 axb4 26. Ne3 Bd4
27. Nc4 Rf6 28. Bg3 Bc5 29. Ne5+ Nxe5 30. fxe5 Re6 31. Rc2 Be3 32. exd6 exd6
33. b3 f4 34. Be1 Re4 35. Rd5 Rb7 36. Rh5 Ke6 37. Rc8 Rd4 38. Kc2 Rg7 39. g3 f3
40. Re8+ Re7 41. Rxe7+ Kxe7 42. Rxh7+ 0-1

[Event "IV Memorial Aldo Perini A"]
[Site "Senigallia ITA"]
[Date "2010.08.05"]
[Round "4"]
[White "Vincenzi, Marco"]
[Black "Sabia, Corrado"]
[Result "1/2-1/2"]
[WhiteElo "2103"]
[BlackElo "2212"]
[PlyCount "67"]
[EventDate "2010.08.02"]

1. e4 e5 2. Nf3 Nc6 3. Bb5 a6 4. Ba4 Nf6 5. d4 exd4 6. O-O Be7 7. Re1 b5 8. e5
Nd5 9. Bb3 Nb6 10. Nxd4 Nxd4 11. Qxd4 c5 12. Qg4 g6 13. c3 d5 14. Qe2 O-O 15.
Nd2 Re8 16. Nf3 Bf5 17. Bc2 Qd7 18. Bg5 Rad8 19. Rad1 Qc8 20. Bc1 Bf8 21. Bxf5
Qxf5 22. Qd3 Qc8 23. Bg5 Be7 24. Bxe7 Rxe7 25. Qd2 Qc6 26. Qh6 Rde8 27. h4 Nd7
28. Qf4 h5 29. Kh2 Nf8 30. Ng5 Ne6 31. Qd2 Nxg5 32. Qxg5 Qe6 33. f4 Kh7 34. f5
1/2-1/2

[Event "IV Memorial Aldo Perini A"]
[Site "Senigallia ITA"]
[Date "2010.08.05"]
[Round "4"]
[White "Xia, Jie"]
[Black "Fratini, Mauro"]
[Result "1-0"]
[WhiteElo "2201"]
[BlackElo "1854"]
[PlyCount "81"]
[EventDate "2010.08.02"]

1. e4 Nf6 2. Nc3 d5 3. exd5 Nxd5 4. Bc4 e6 5. Nge2 Nc6 6. O-O b6 7. Nxd5 exd5
8. Bb5 Bd7 9. Bxc6 Bxc6 10. Nd4 Bd7 11. Qh5 c5 12. Nf3 Be7 13. Qxd5 O-O 14. Ne5
Bb5 15. Qxd8 Rfxd8 16. Re1 Bd6 17. d3 Re8 18. Bf4 f6 19. Ng6 Bxf4 20. Nxf4 Bc6
21. f3 Kf7 22. Kf2 Rad8 23. Re2 Rxe2+ 24. Nxe2 b5 25. Ke3 g5 26. h4 h6 27. hxg5
hxg5 28. a3 f5 29. Kf2 Kg6 30. Rh1 a5 31. f4 g4 32. Ng3 c4 33. Re1 Rd6 34. dxc4
bxc4 35. Re5 Rd2+ 36. Re2 Rd6 37. Ke1 a4 38. Re5 Bd7 39. c3 Re6 40. Kf2 Kf6 41.
Ne2 1-0

[Event "IV Memorial Aldo Perini A"]
[Site "Senigallia ITA"]
[Date "2010.08.06"]
[Round "5"]
[White "Capito', Mario"]
[Black "Padovani, Alessio"]
[Result "1-0"]
[WhiteElo "1823"]
[BlackElo "1976"]
[PlyCount "129"]
[EventDate "2010.08.02"]

1. d4 e5 2. dxe5 d6 3. Nf3 Bg4 4. Bf4 Nc6 5. exd6 Qf6 6. d7+ Bxd7 7. Qc1 Bb4+
8. c3 Ba5 9. e3 h6 10. Nbd2 Nge7 11. Nc4 O-O-O 12. Nxa5 Nxa5 13. b4 Nac6 14. b5
Na5 15. Be5 Qe6 16. c4 f6 17. Bd4 Kb8 18. Qa3 b6 19. c5 Nf5 20. cxb6 axb6 21.
Qc3 Rhe8 22. Rc1 Rc8 23. a4 Nd6 24. Nd2 h5 25. Be2 g5 26. Bxf6 Qf5 27. Bd3 Qg4
28. O-O h4 29. Qd4 Qe6 30. Bxg5 Rg8 31. Qxh4 Rh8 32. Qd4 Rcg8 33. Be4 Nxe4 34.
Nxe4 Nb3 35. Qc4 Nxc1 36. Rxc1 Qg4 37. Qxc7+ Ka8 38. Nd6 Rb8 39. Bf4 Rhc8 40.
Nxc8 Rxc8 41. f3 Rxc7 42. Rxc7 Qg7 43. h4 Qh7 44. h5 Qf5 45. Kf2 Qf7 46. g4
Qa2+ 47. Kg3 Qd2 48. Kh4 Qd5 49. h6 Qd1 50. Be5 Qd3 51. e4 Qd2 52. f4 Qd1 53.
f5 Qe1+ 54. Kg5 Qd2+ 55. Bf4 Qd4 56. e5 Bxb5 57. Rc8+ Kb7 58. h7 Bd7 59. Rf8
Qxa4 60. h8=Q Qc6 61. Rb8+ Ka6 62. e6 Bxe6 63. Qa1+ Kb5 64. Qb2+ Kc5 65. Qxb6+
1-0

[Event "IV Memorial Aldo Perini A"]
[Site "Senigallia ITA"]
[Date "2010.08.06"]
[Round "5"]
[White "Damia, Angelo"]
[Black "Mandolini, Riccardo"]
[Result "1/2-1/2"]
[WhiteElo "2281"]
[BlackElo "2101"]
[PlyCount "101"]
[EventDate "2010.08.02"]

1. e4 Nc6 2. d4 e5 3. dxe5 Nxe5 4. Qd4 Qe7 5. Nc3 Qc5 6. Be3 Qxd4 7. Bxd4 Nc6
8. Be3 Bb4 9. Bd3 Nge7 10. Nge2 d5 11. exd5 Nxd5 12. Bd2 Nce7 13. a3 Bxc3 14.
Nxc3 O-O 15. O-O-O Nxc3 16. Bxc3 Be6 17. Bb4 Rfe8 18. Bxe7 Rxe7 19. Rhe1 Rae8
20. Bf5 Kf8 21. Bxe6 Rxe6 22. Rxe6 Rxe6 23. Rd7 Re7 24. Rd8+ Re8 25. Rxe8+ Kxe8
26. Kd2 Kd7 27. Ke3 Ke6 28. Ke4 c5 29. h4 b5 30. g4 a5 31. b3 Kd6 32. c4 a4 33.
bxa4 bxa4 34. Kf5 f6 35. f4 Ke7 36. g5 g6+ 37. Ke4 fxg5 38. hxg5 Ke6 39. Ke3
Kd6 40. Kf3 Ke7 41. Ke4 Ke6 42. f5+ gxf5+ 43. Kf4 Kf7 44. Kxf5 Kg7 45. Kf4 Kg6
46. Kg4 Kf7 47. Kf5 Kg7 48. Kf4 Kg6 49. Kg4 Kf7 50. Kf4 Kg6 51. Ke4 1/2-1/2